Top 20 Największych Państw Świata 2025 - Statystyki

Ogólne statystyki
  • Ten quiz został rozwiązany 122 razy
  • Średni wynik to 16 z 20
Statystyki odpowiedzi
Miejsce Powierzchnia Państwo % Poprawnych
1 17 098 242Km2 Rosja
100%
3 9 596 960Km2 Chiny
99%
2 9 984 670Km2 Kanada
99%
5 8 515 767Km2 Brazylia
98%
4 9 536 935Km2 Stany Zjednoczone
98%
7 3 287 263Km2 Indie
95%
6 7 682 905Km2 Australia
93%
8 2 780 400Km2 Argentyna
90%
9 2 724 900Km2 Kazachstan
85%
14 1 964 375Km2 Meksyk
84%
10 2 381 741Km2 Algieria
79%
12 2 149 690Km2 Arabia Saudyjska
79%
15 1 904 569Km2 Indonezja
77%
19 1 564 116Km2 Mongolia
77%
18 1 648 195Km2 Iran
73%
16 1 861 484Km2 Sudan
65%
20 1 285 216Km2 Peru
60%
17 1 759 540Km2 Libia
58%
13 2 210 573Km2 Dania
57%
11 2 344 858Km2 Drk
50%
Nie znaleziono quizów pasujących do podanych kryteriów
Rozkład punktacji
Procent ludzi z każdym wynikiem
Percentyl według liczby udzielonych odpowiedzi
Twoja historia wyników
Nie rozwiązałeś tego quizu